[Event "Straume Hordalandsmesterskap GP A"]
[Site "Straume"]
[Date "2014.04.04"]
[Round "1"]
[White "Alikhani, Afshin"]
[Black "Martinsen, Stig K"]
[Result "0-1"]
[WhiteElo "1530"]
[BlackElo "2046"]
[PlyCount "83"]
[EventDate "2014.04.04"]
[EventType "swiss"]
[EventRounds "5"]
[EventCountry "NOR"]
[SourceTitle "EXT 2024"]
[Source "ChessBase"]
[SourceDate "2023.10.10"]
[SourceVersion "1"]
[SourceVersionDate "2023.10.10"]
[SourceQuality "1"]

1. d4 c5 2. dxc5 e6 3. Nf3 Bxc5 4. g3 Qb6 5. e3 Nf6 6. Bg2 Nc6 7. 0-0 d5 8. b3 Qc7 9. Bb2 e5 10. Nc3 Qd8 11. Ne2 Qd6 12. Rc1 Be6 13. Ng5 Bg4 14. h3 Bh5 15. g4 Bg6 16. c4 Nb4 17. cxd5 Nd3 18. Rc2 Nxb2 19. Rxb2 e4 20. b4 Bb6 21. Qc2 Qe5 22. h4 Nxg4 23. Nf4 0-0 24. Qe2 Bf5 25. Rd2 h6 26. Nxe4 Nxe3 27. Nc5 Qxf4 28. fxe3 Qxb4 29. Nxb7 Bg4 30. Qd3 Rab8 31. Rf4 Qxf4 32. Kh1 Qxe3 33. Qxe3 Bxe3 34. Rd3 Rxb7 35. Rxe3 Rb6 36. Re7 a6 37. a4 Rd8 38. a5 Rb5 39. Re4 h5 40. Re7 Rxa5 41. Rb7 Raxd5 42. Bxd5 0-1

[Event "Sotra Kretsmesterskap"]
[Site "Sotra"]
[Date "2003.03.02"]
[Round "4"]
[White "Alikhani, Afshin"]
[Black "Pedersen, Thomas"]
[Result "0-1"]
[WhiteElo "1371"]
[BlackElo "1616"]
[PlyCount "114"]
[EventDate "2003.02.??"]
[EventType "swiss"]
[EventRounds "5"]
[EventCountry "NOR"]
[SourceTitle "EXT 2005"]
[Source "ChessBase"]
[SourceDate "2004.11.15"]
[SourceVersion "1"]
[SourceVersionDate "2004.11.15"]
[SourceQuality "1"]

1. d4 f5 2. c4 Nf6 3. Nc3 g6 4. Bg5 Bg7 5. Nf3 c6 6. c5 Na6 7. e3 b6 8. Qa4 b5 9. Qb3 Qa5 10. Nd2 Bb7 11. Be2 e5 12. Nc4 bxc4 13. Qxb7 Rb8 14. Qxa7 Rxb2 15. 0-0 Qxc3 16. Qxa6 Rxe2 17. Rac1 Qb2 18. dxe5 Qxe5 19. Qxc4 Rd2 20. a4 Qd5 21. Qb4 0-0 22. Rc4 Ne4 23. Bf4 Rb2 24. Rxe4 Qxe4 25. Qa5 Rb1 26. h3 Rxf1+ 27. Kxf1 Qb1+ 28. Ke2 Qb7 29. Qb6 Qc8 30. a5 Re8 31. a6 Be5 32. Bxe5 Rxe5 33. a7 Re8 34. Kf3 Qa8 35. Kf4 h6 36. h4 Kh7 37. h5 Re4+ 38. Kf3 g5 39. Qc7 Re7 40. Qd6 Rg7 41. Qb8 Rg8 42. Qc7 Qe8 43. Kg3 f4+ 44. exf4 gxf4+ 45. Kxf4 Qf7+ 46. Ke3 Re8+ 47. Kd3 Qd5+ 48. Kc3 Qxc5+ 49. Kd3 Qa3+ 50. Kd4 Qb2+ 51. Kd3 Qb3+ 52. Kd4 Qa4+ 53. Kc3 Qa3+ 54. Kd4 c5+ 55. Kd5 Qd3+ 56. Kxc5 Qc3+ 57. Kb6 Qxc7+ 0-1

[Event "Sotra Kretsmesterskap"]
[Site "Sotra"]
[Date "2003.02.28"]
[Round "1"]
[White "Alikhani, Afshin"]
[Black "Martinsen, Stig K"]
[Result "0-1"]
[WhiteElo "1371"]
[BlackElo "2119"]
[PlyCount "46"]
[EventDate "2003.02.??"]
[EventType "swiss"]
[EventRounds "5"]
[EventCountry "NOR"]
[SourceTitle "EXT 2005"]
[Source "ChessBase"]
[SourceDate "2004.11.15"]
[SourceVersion "1"]
[SourceVersionDate "2004.11.15"]
[SourceQuality "1"]

1. d4 d6 2. c4 f5 3. Nc3 Nf6 4. Nf3 g6 5. e3 Bg7 6. b3 0-0 7. Bb2 c6 8. Be2 Qe8 9. Rc1 Na6 10. h4 h6 11. Nh2 Qf7 12. f4 e5 13. dxe5 dxe5 14. fxe5 Nd7 15. Nb5 Nxe5 16. Nd6 Qe7 17. Nxc8 Qxh4+ 18. Kf1 Raxc8 19. Qd6 Ng4 20. Qe6+ Kh7 21. Bxg4 fxg4+ 22. Ke2 Qf2+ 23. Kd3 Nc5# 0-1

[Event "Sotra op"]
[Site "Sotra"]
[Date "2002.10.24"]
[Round "6"]
[White "Nordanger, Asbjorn"]
[Black "Alikhani, Afshin"]
[Result "1-0"]
[WhiteElo "1767"]
[BlackElo "1364"]
[PlyCount "33"]
[EventDate "2002.08.??"]
[EventType "swiss"]
[EventRounds "9"]
[EventCountry "NOR"]
[SourceTitle "EXT 2005"]
[Source "ChessBase"]
[SourceDate "2004.11.15"]
[SourceVersion "1"]
[SourceVersionDate "2004.11.15"]
[SourceQuality "1"]

1. e4 c6 2. Nc3 d5 3. Nf3 Bg4 4. d3 e6 5. Bd2 d4 6. Ne2 Bxf3 7. gxf3 Qb6 8. c3 dxc3 9. Bxc3 Nd7 10. Qc2 0-0-0 11. a4 Kb8 12. d4 c5 13. Qd2 Ngf6 14. Ba5 Qd6 15. Bxd8 cxd4 16. Bxf6 Nxf6 17. Qxd4 1-0

[Event "Sotra op"]
[Site "Sotra"]
[Date "2002.08.29"]
[Round "1"]
[White "Andersen, Erik"]
[Black "Alikhani, Afshin"]
[Result "0-1"]
[WhiteElo "2109"]
[BlackElo "1364"]
[PlyCount "62"]
[EventDate "2002.08.??"]
[EventType "swiss"]
[EventRounds "9"]
[EventCountry "NOR"]
[SourceTitle "EXT 2005"]
[Source "ChessBase"]
[SourceDate "2004.11.15"]
[SourceVersion "1"]
[SourceVersionDate "2004.11.15"]
[SourceQuality "1"]

1. g4 g6 2. Bg2 d6 3. h3 Nc6 4. e3 Bg7 5. d4 f5 6. Nc3 Nf6 7. g5 Nd7 8. Bd2 e5 9. d5 Nb4 10. h4 e4 11. a3 Na6 12. Qe2 Nb6 13. Nh3 Qe7 14. Nf4 Nc5 15. 0-0-0 Bd7 16. f3 Nba4 17. Qe1 Qe5 18. Nfe2 exf3 19. Bxf3 c6 20. dxc6 Bxc6 21. Bxc6+ bxc6 22. Nd4 Kd7 23. b4 Nxc3 24. Bxc3 Ne4 25. Rd3 a5 26. Nxc6 Qb5 27. Bxg7 Rhc8 28. Ne5+ Ke6 29. c4 dxe5 30. Bxe5 Qxc4+ 31. Rc3 Nxc3 0-1

[Event "Sotra Varturneringen"]
[Site "Sotra"]
[Date "2002.01.17"]
[Round "1"]
[White "Glesnes, Ivar Magne"]
[Black "Alikhani, Afshin"]
[Result "0-1"]
[WhiteElo "547"]
[BlackElo "1354"]
[PlyCount "72"]
[EventDate "2002.01.??"]
[EventType "swiss"]
[EventRounds "10"]
[EventCountry "NOR"]
[SourceTitle "EXT 2006"]
[Source "ChessBase"]
[SourceDate "2005.11.24"]
[SourceVersion "1"]
[SourceVersionDate "2005.11.24"]
[SourceQuality "1"]

1. e4 c6 2. Nf3 d5 3. Nc3 Bg4 4. Be2 Nf6 5. d3 d4 6. Na4 Qa5+ 7. c3 b5 8. Nc5 dxc3 9. 0-0 e6 10. Nb3 cxb2 11. Bxb2 Qd8 12. h3 Bh5 13. Qd2 Be7 14. Qg5 Bg6 15. Nfd4 Nxe4 16. Qc1 c5 17. Nxb5 Nf6 18. Nxc5 0-0 19. Bf3 Nd5 20. Qc2 Qb6 21. Nxe6 fxe6 22. Nc3 Rxf3 23. gxf3 Nd7 24. Rfe1 Nf4 25. Re3 Qc5 26. Kf1 Qxe3 27. fxe3 Bxd3+ 28. Qe2 Bxe2+ 29. Nxe2 Nxe2 30. Kxe2 Bf6 31. Bxf6 Nxf6 32. Rc1 Rb8 33. Kd3 Nd5 34. e4 Nb4+ 35. Kd4 Rd8+ 36. Ke5 Nd3+ 0-1

[Event "Sotra op"]
[Site "Sotra"]
[Date "2001.09.27"]
[Round "4"]
[White "Alikhani, Afshin"]
[Black "Brattetveit, Kenneth"]
[Result "0-1"]
[WhiteElo "1359"]
[BlackElo "1717"]
[PlyCount "110"]
[EventDate "2001.09.??"]
[EventType "swiss"]
[EventRounds "9"]
[EventCountry "NOR"]
[SourceTitle "EXT 2005"]
[Source "ChessBase"]
[SourceDate "2004.11.15"]
[SourceVersion "1"]
[SourceVersionDate "2004.11.15"]
[SourceQuality "1"]

1. d4 e6 2. c4 f5 3. Nf3 Nf6 4. Nc3 d5 5. e3 c6 6. Bd3 Bd6 7. 0-0 0-0 8. b3 Ne4 9. Bb2 Nd7 10. Rc1 g5 11. Ne2 Qf6 12. Nd2 Qh6 13. f4 Ndf6 14. Rf3 g4 15. Rf1 g3 16. h3 Nf2 17. Qc2 Nxh3+ 18. gxh3 Qxh3 19. Rf3 Qh2+ 20. Kf1 g2+ 21. Ke1 Ng4 22. Nb1 g1R+ 23. Nxg1 Qxg1+ 24. Kd2 Qh2+ 25. Be2 Rf7 26. Rcf1 Qh4 27. Qd1 Rg7 28. Rh1 Qf6 29. Rg1 Bd7 30. Rfg3 h5 31. Qf1 Kf7 32. Qh3 Rh8 33. Kc1 Qh6 34. Nd2 Rhg8 35. Nf3 Be7 36. Kd2 Bf6 37. Nh2 Nxh2 38. Rxg7+ Rxg7 39. Rxg7+ Kxg7 40. Qxh2 h4 41. Bc3 Be8 42. Bf3 Bh5 43. Qg2+ Kf7 44. cxd5 exd5 45. Bxd5+ cxd5 46. Qxd5+ Kg6 47. Qe6 h3 48. d5 Kg7 49. Qe7+ Bf7 50. d6 Bxc3+ 51. Kc2 Bb4 52. Qe5+ Qf6 53. d7 Qxe5 54. d8Q Qc3+ 55. Kb1 Qe1+ 0-1

[Event "NOR-chT north 0001"]
[Site "Norway"]
[Date "2001.??.??"]
[Round "2"]
[White "Sorensen, Henrik2222"]
[Black "Alikhani, Afshin"]
[Result "1-0"]
[WhiteElo "1917"]
[BlackElo "1393"]
[PlyCount "161"]
[EventDate "2001.??.??"]
[EventType "team"]
[EventRounds "5"]
[EventCountry "NOR"]
[SourceTitle "EXT 2005"]
[Source "ChessBase"]
[SourceDate "2004.11.15"]
[SourceVersion "1"]
[SourceVersionDate "2004.11.15"]
[SourceQuality "1"]

1. c4 c6 2. Nf3 g6 3. Nc3 Bg7 4. b3 d5 5. Bb2 e6 6. g3 Ne7 7. Bg2 0-0 8. 0-0 Nd7 9. Qc2 Nf6 10. d4 Nf5 11. Rad1 Nd6 12. Nd2 b6 13. e4 dxe4 14. Ndxe4 Ndxe4 15. Nxe4 Nxe4 16. Bxe4 Bb7 17. Rd2 Qe7 18. Bg2 Rad8 19. Rfd1 Rd7 20. Bc3 Rfd8 21. b4 Bh6 22. Rd3 Ba6 23. Be1 b5 24. Ra3 Rxd4 25. Rxd4 Rxd4 26. Rxa6 Rxc4 27. Qe2 Qb7 28. Ra3 Bg7 29. h3 Bd4 30. Rd3 Qb6 31. Kh2 c5 32. bxc5 Qxc5 33. Rd2 b4 34. Be4 Bc3 35. Rd8+ Kg7 36. Bd3 Rd4 37. Bxc3 bxc3 38. Rxd4 Qxd4 39. Kg2 e5 40. Qe4 Qc5 41. g4 Qc7 42. Kf3 Qc5 43. Ke2 Qa5 44. a4 Qc7 45. Qc4 Qa5 46. Qb5 Qc7 47. Kd1 Qd6 48. Qc4 Qa3 49. Qb5 Qd6 50. f3 e4 51. fxe4 Qh2 52. Be2 Qh1+ 53. Kc2 Qxe4+ 54. Kxc3 Qe3+ 55. Qd3 Qc5+ 56. Kb3 Qb6+ 57. Kc4 Qa6+ 58. Kb4 Qb6+ 59. Qb5 Qd6+ 60. Ka5 Qc7+ 61. Ka6 Qc8+ 62. Kxa7 Qc7+ 63. Ka6 Qc8+ 64. Ka5 Qc3+ 65. Kb6 Qe3+ 66. Kc6 Qe4+ 67. Kc5 Qe3+ 68. Kb4 Qd2+ 69. Ka3 Qd6+ 70. Ka2 Kg8 71. a5 Qd2+ 72. Kb3 Qe3+ 73. Kb4 Qe7+ 74. Ka4 Qe4+ 75. Bc4 Qd4 76. a6 Qd1+ 77. Ka5 Qd8+ 78. Kb4 Qd6+ 79. Qc5 Qb8+ 80. Ka3 Qg3+ 81. Ka4 1-0